Kenny's outlines of criminal law / (Record no. 265)

MARC details
000 -LEADER
fixed length control field 01111cam a22003377a 4500
001 - CONTROL NUMBER
control field 16419825
003 - CONTROL NUMBER IDENTIFIER
control field OSt
005 - DATE AND TIME OF LATEST TRANSACTION
control field 20110720124230.0
008 - FIXED-LENGTH DATA ELEMENTS--GENERAL INFORMATION
fixed length control field 100817s1958 enk 000 0 eng d
010 ## - LIBRARY OF CONGRESS CONTROL NUMBER
LC control number 58014848
035 ## - SYSTEM CONTROL NUMBER
System control number (OCoLC)ocm03785971
040 ## - CATALOGING SOURCE
Original cataloging agency KKU
Transcribing agency KKU
Modifying agency ZCL
-- LVB
-- OCLCG
-- DLC
042 ## - AUTHENTICATION CODE
Authentication code lccopycat
043 ## - GEOGRAPHIC AREA CODE
Geographic area code e-uk---
050 00 - LIBRARY OF CONGRESS CALL NUMBER
Classification number KD7869
Item number .K46 1958
082 ## - DEWEY DECIMAL CLASSIFICATION NUMBER
Classification number 345 KEN
100 1# - MAIN ENTRY--PERSONAL NAME
Personal name Kenny, Courtney Stanhope,
Dates associated with a name 1952.
9 (RLIN) 784
245 10 - TITLE STATEMENT
Title Kenny's outlines of criminal law /
Statement of responsibility, etc by J.W. Cecil Turner.
250 ## - EDITION STATEMENT
Edition statement 16th ed.
260 ## - PUBLICATION, DISTRIBUTION, ETC. (IMPRINT)
Place of publication, distribution, etc Cambridge :
Name of publisher, distributor, etc University Press,
Date of publication, distribution, etc 1952.
300 ## - PHYSICAL DESCRIPTION
Extent liii, 576 p. ;
Dimensions 25 cm.
500 ## - GENERAL NOTE
General note Includes index.
504 ## - BIBLIOGRAPHY, ETC. NOTE
Bibliography, etc Bibliography: p. [lxiv]
650 #0 - SUBJECT ADDED ENTRY--TOPICAL TERM
Topical term or geographic name as entry element Criminal law
Geographic subdivision Great Britain.
9 (RLIN) 785
700 1# - ADDED ENTRY--PERSONAL NAME
Personal name Turner, J. W. Cecil
Fuller form of name (James William Cecil)
9 (RLIN) 786
740 0# - ADDED ENTRY--UNCONTROLLED RELATED/ANALYTICAL TITLE
Uncontrolled related/analytical title Outlines of criminal law.
906 ## - LOCAL DATA ELEMENT F, LDF (RLIN)
a 0
b cbu
c copycat
d 2
e ncip
f 20
g y-gencatlg
942 ## - ADDED ENTRY ELEMENTS (KOHA)
Source of classification or shelving scheme Dewey Decimal Classification
Koha item type Books
Holdings
Withdrawn status Lost status Source of classification or shelving scheme Damaged status Not for loan Home library Current library Shelving location Date acquired Total Checkouts Full call number Barcode Date last seen Price effective from Koha item type
    Dewey Decimal Classification     Law Development Centre Main Library Law Development Centre Main Library Text Books and Laws 04/11/2011   345 KEN 2011/2263 04/11/2011 04/11/2011 Books